[Event "SVK-ch U10"]
[Site "Stara Lubovna"]
[Date "2022.05.27"]
[Round "8"]
[White "Prochazka, Michal"]
[Black "Dlugos, Matej"]
[Result "0-1"]
[WhiteElo "1000"]
[BlackElo "1000"]
[PlyCount "48"]
[EventDate "2022.05.21"]
[EventType "swiss"]
[EventRounds "9"]
[EventCountry "SVK"]
[SourceTitle "CBM 208 Extra"]
[Source "ChessBase"]
[SourceDate "2022.07.31"]
[SourceVersion "1"]
[SourceVersionDate "2022.07.31"]
[SourceQuality "1"]

1. e4 e5 2. Nf3 Nc6 3. Bb5 Nf6 4. 0-0 Nxe4 5. Re1 Nf6 6. Nxe5 Nxe5 7. Rxe5+ Be7 8. Qe2 a6 9. Bc4 d6 10. Re3 Bf5 11. d3 d5 12. Bb3 Qd7 13. Bd2 Ng4 14. Rg3 0-0 15. h3 Nf6 16. Nc3 Rfe8 17. Qf3 c6 18. d4 Bf8 19. Rg5 Bg6 20. Re5 b5 21. Rae1 Bd6 22. Rxe8+ Rxe8 23. Rxe8+ Qxe8 24. Bg5 Qe1# 0-1